000 00324nam a22001337a 4500
008 190205b xxu||||| |||| 00| 0 eng d
020 _a0275227502
041 _aeng
080 _a316
100 _a50
101 _aSOC
245 _aPower and Equity. An Introduction to Social Stratification
_cMcCord, W
942 _2udc
_cBK
999 _c54000
_d54000